| 000 | 00533nam a2200157Ia 4500 | ||
|---|---|---|---|
| 003 | GCL | ||
| 008 | 140319s9999 xx 000 0 ara d | ||
| 040 |
_aGCL / _cGCL |
||
| 082 | 0 | 4 |
_a371.3 _bح ا |
| 100 | 1 | _aحسنى عبدالهادى عصر | |
| 245 | 1 | 0 |
_aالاتجاهات الحديثة لتدريس اللغة العربية فى المرحلتين: الاعدادية والثانوية / _cحسنى عبدالهادى عصر |
| 490 | _a | ||
| 650 | 0 | 4 | _aالنحو |
| 650 | 0 | 4 | _aاللغة العربية |
| 942 |
_2ddc _cBK |
||
| 999 |
_c38714 _d38714 |
||